00571nam a2200181Ia 4500003000900000008004100009040001600050080001600066100002400082245006800106260003400174300001000208650002800218650002900246942000700275999001500282952009200297IN-BaIIA211028s9999 xx 000 0 eng d cIIA Library a658.31bMUT aMuthuswamy, P97319 0aFundamental rules and supplementary rulesbpt. 2cP. Muthuswamy aIndiabSwamy Publishersc1974 a344p. aFundamental Rules97716 aSuplementary Rules97717 cBK c4419d4419 00104070aBANbKODcGENd1974-06-22l0o658.31/ MUTp4935r2021-11-05w1974-06-22yBK